[Event "Superettan(Upsala-Vaxjo)"]
[Site "?"]
[Date "2018.11.09"]
[Round "1"]
[White "Rydstrom, Tom"]
[Black "Johansson, Thomas"]
[Result "1-0"]
[WhiteElo "2310"]
[BlackElo "2231"]
[PlyCount "137"]
1. e4 e6 2. d4 d5 3. Nc3 Bb4 4. e5 c5 5. a3 Bxc3+ 6. bxc3 Ne7 7. Qg4 Kf8 8. Nf3
Qa5 9. Bd2 Qa4 10. Bd3 c4 11. Be2 Qxc2 12. O-O Nbc6 13. h4 h6 14. h5 Na5 15.
Bd1 Qb2 16. Ba4 Nb3 17. Rfb1 Qc2 18. Qf4 b6 19. Bxb3 cxb3 20. Ne1 Qf5 21. Qxf5
Nxf5 22. a4 Ba6 23. Rxb3 Bc4 24. Rbb1 Ne7 25. a5 b5 26. Bc1 Ke8 27. Ba3 Nc6 28.
Bd6 a6 29. Rb2 Kd7 30. Nc2 f6 31. Ne3 Bd3 32. Rd2 Bh7 33. Kh2 Bg8 34. f4 f5 35.
g4 fxg4 36. Rg2 Bf7 37. Rxg4 Rh7 38. Rag1 Rg8 39. f5 Bxh5 40. Rf4 Bf7 41. c4
bxc4 42. Rb1 Nxa5 43. Rb6 Rc8 44. Rxa6 Nb7 45. Rf1 Nxd6 46. Rxd6+ Ke7 47. fxe6
Bxe6 48. Ra1 Bg8 49. Ra7+ Ke8 50. e6 c3 51. Nxd5 c2 52. Rc6 Bxe6 53. Nc7+ Kd7
54. Rxc2 Bf5 55. Rc5 g5 56. Nb5+ Kd8 57. Rxf5 Rxa7 58. Nxa7 Rc2+ 59. Kg3 Rd2
60. Kf3 Kd7 61. Ke3 Rh2 62. Nb5 g4 63. d5 h5 64. Rf7+ Ke8 65. Rh7 g3 66. Nc7+
Kf8 67. Ne6+ Kg8 68. Rg7+ Kh8 69. Rxg3 1-0

[Event "Superettan(Manhem-SödraSASS)"]
[Site "?"]
[Date "2018.11.09"]
[Round "1"]
[White "Winge, Stefan"]
[Black "Welin, Mats"]
[Result "0-1"]
[WhiteElo "2225"]
[BlackElo "2315"]
[PlyCount "54"]
1. e4 e5 2. Nf3 Nc6 3. Bc4 Bc5 4. c3 Nf6 5. d3 O-O 6. b4 Be7 7. Qb3 d6 8. a4
Bg4 9. Ng1 a5 10. f3 Bc8 11. b5 Nb8 12. d4 c6 13. dxe5 dxe5 14. Be3 Nbd7 15.
Qd1 Qc7 16. Ne2 cxb5 17. Bxb5 Bc5 18. Qc1 Nb6 19. O-O Be6 20. Na3 Ne8 21. Kh1
Rd8 22. Rb1 Nd6 23. h3 f5 24. exf5 Nxf5 25. Nc2 Nc4 26. Bxc4 Bxc4 27. Bxc5 Qxc5
0-1

[Event "Superettan(Kungstornet-Rockad,Sthlm II)"]
[Site "?"]
[Date "2018.11.09"]
[Round "1"]
[White "Kenneskog, Theodor"]
[Black "Aronsson, Marten"]
[Result "1/2-1/2"]
[WhiteElo "2270"]
[BlackElo "2269"]
[PlyCount "64"]
1. e4 e5 2. Nf3 Nc6 3. Bb5 Nf6 4. d3 Bc5 5. Bxc6 dxc6 6. Nbd2 Nd7 7. Qe2 Qe7 8.
Nc4 f6 9. Bd2 Nf8 10. a4 Be6 11. O-O g5 12. c3 Ng6 13. b4 Bd6 14. Rfb1 O-O 15.
Na5 Rab8 16. Be3 a6 17. Nd2 Qd7 18. Ndb3 b6 19. Nc4 Qf7 20. Nbd2 Be7 21. b5
cxb5 22. axb5 a5 23. d4 exd4 24. cxd4 Bb4 25. Rc1 Rfe8 26. Nb2 Bd6 27. Nd3 g4
28. Rab1 Ba2 29. Ra1 Be6 30. Rab1 Ba2 31. Ra1 Be6 32. Rab1 Ba2 1/2-1/2

[Event "Superettan(Upsala-Vaxjo)"]
[Site "?"]
[Date "2018.11.09"]
[Round "1"]
[White "Burwick, Malte"]
[Black "Christiansen, Johan-Sebastian"]
[Result "0-1"]
[WhiteElo "2210"]
[BlackElo "2525"]
[PlyCount "61"]
1. d4 Nf6 2. Nf3 d5 3. c4 e6 4. g3 dxc4 5. Qa4+ Nbd7 6. Bg2 a6 7. Qxc4 b5 8.
Qc2 Bb7 9. O-O c5 10. a4 b4 11. Nbd2 Rc8 12. Qd3 cxd4 13. Qxd4 Bc5 14. Qd3 O-O
15. Ng5 Bxg2 16. Kxg2 Qb6 17. Nde4 h6 18. Nf3 Rfd8 19. Nxc5 Nxc5 20. Qc2 b3 21.
Qb1 Qc6 22. Be3 Nxa4 23. Ra3 Ng4 24. Rxb3 Qc4 25. Ra3 Qxe2 26. Ba7 Qb5 27. Qa2
Nxb2 28. h3 Nc4 29. hxg4 Nxa3 30. Qxa3 Rd3 31. Qa2 0-1

[Event "Superettan(Manhem-SödraSASS)"]
[Site "?"]
[Date "2018.11.09"]
[Round "1"]
[White "Al Hadarani, Hatim"]
[Black "Adler, Bo"]
[Result "1-0"]
[WhiteElo "2318"]
[BlackElo "2156"]
[PlyCount "51"]
1. Nc3 e5 2. Nf3 Nc6 3. d4 exd4 4. Nxd4 Bc5 5. Nf5 Qf6 6. g4 Nge7 7. Ne4 Bb4+
8. c3 Qe5 9. Nfg3 d5 10. f4 Qd4 11. Nd2 Qxf4 12. cxb4 Bxg4 13. a3 h5 14. b5 h4
15. Nf3 Qd6 16. bxc6 hxg3 17. Qa4 O-O-O 18. Qxg4+ f5 19. Qb4 Qxc6 20. Qxe7 d4
21. Bf4 Rhe8 22. Qxc7+ Qxc7 23. Bxc7 Kxc7 24. O-O-O g2 25. Bxg2 Rxe2 26. Nxd4
1-0

[Event "Superettan(Kungstornet-Rockad,Sthlm II)"]
[Site "?"]
[Date "2018.11.09"]
[Round "1"]
[White "Andersson, Fredrik"]
[Black "Zadruzny, Nicolaj"]
[Result "1/2-1/2"]
[WhiteElo "2284"]
[BlackElo "2270"]
[PlyCount "90"]
1. e4 e5 2. Nf3 Nc6 3. Bb5 a6 4. Ba4 Nf6 5. O-O b5 6. Bb3 Bc5 7. a4 Rb8 8. c3
d6 9. d4 Bb6 10. a5 Ba7 11. h3 h6 12. Be3 exd4 13. cxd4 O-O 14. Nc3 b4 15. Ne2
Ne7 16. Ng3 d5 17. exd5 Nfxd5 18. Ne5 Be6 19. Qd3 Rb5 20. Bc4 Nxe3 21. fxe3
Bxc4 22. Qxc4 Qd5 23. Qxd5 Rxd5 24. Nd3 c5 25. Nxc5 Bxc5 26. dxc5 Rxc5 27. Rf4
Rb8 28. Ra4 Nc6 29. Ne4 Rxa5 30. Rxa5 Nxa5 31. Nc5 Rb6 32. Kf2 Nc6 33. Ke2 Ne5
34. Rd4 f6 35. b3 Rc6 36. Rd5 Kf7 37. Kd2 Ke7 38. Ne4 Rc7 39. Ra5 Rd7+ 40. Kc2
Rc7+ 41. Kd2 Rd7+ 42. Ke2 Nd3 43. Rxa6 Nc1+ 44. Kf3 Nxb3 45. Rb6 Nd2+ 1/2-1/2

[Event "Superettan(Upsala-Vaxjo)"]
[Site "?"]
[Date "2018.11.09"]
[Round "1"]
[White "Neretljak, Nedzad"]
[Black "Malm Lindberg, Henrik"]
[Result "1/2-1/2"]
[WhiteElo "2131"]
[BlackElo "2193"]
[PlyCount "167"]
1. e4 c5 2. Nf3 e6 3. d4 cxd4 4. Nxd4 Nf6 5. Nc3 d6 6. g3 Be7 7. Bg2 O-O 8. O-O
Nc6 9. a4 Bd7 10. Ndb5 Qb8 11. Bg5 a6 12. Bxf6 gxf6 13. Na3 Qa7 14. Nc4 Qc5 15.
Ne3 Rab8 16. Ng4 Kh8 17. Kh1 b5 18. axb5 axb5 19. e5 fxe5 20. Ne4 Qd4 21. Nef6
Rb7 22. Nxd7 Rxd7 23. Bxc6 Rc7 24. Bf3 Qxb2 25. Ne3 Qc3 26. Qd3 d5 27. Be2 b4
28. Qxc3 Rxc3 29. Bd1 Ra3 30. Rb1 f5 31. Ng2 Bc5 32. Ne1 e4 33. f3 Rd8 34. Ng2
Kg7 35. Nf4 Kf6 36. g4 Ke5 37. Nh5 f4 38. Be2 Re3 39. Rbe1 b3 40. c3 Rxc3 41.
fxe4 Be3 42. exd5 exd5 43. Bb5 b2 44. Nxf4 b1=Q 45. Rxb1 Bxf4 46. Rbe1+ Re3 47.
Rxe3+ Bxe3 48. Bd3 h6 49. Kg2 Rd6 50. h4 Rf6 51. Bf5 h5 52. Kg3 hxg4 53. Kxg4
d4 54. Rb1 Rd6 55. Bd3 Kf6 56. h5 Ke5 57. Rb5+ Rd5 58. Rb8 Rd6 59. Re8+ Re6 60.
Rh8 Rf6 61. Bg6 Rf4+ 62. Kg3 Rf6 63. Ra8 Rd6 64. Ra5+ Rd5 65. Ra3 Rd6 66. Kg4
Bh6 67. Bd3 Be3 68. Bc4 Ke4 69. Bf7 Bh6 70. Rf3 Rb6 71. Bg6+ Ke5 72. Rf5+ Ke6
73. Bf7+ Ke7 74. Bc4 Rf6 75. Re5+ Kd6 76. Rd5+ Ke7 77. Rxd4 Rf4+ 78. Rxf4 Bxf4
79. Kxf4 Kf6 80. Bd3 Kg7 81. Kg5 Kh8 82. Kg6 Kg8 83. Bc4+ Kh8 84. h6 1/2-1/2

[Event "Superettan(Manhem-SödraSASS)"]
[Site "?"]
[Date "2018.11.09"]
[Round "1"]
[White "Soderberg, Per"]
[Black "Storme, Isak"]
[Result "1-0"]
[WhiteElo "2143"]
[BlackElo "2260"]
[PlyCount "115"]
1. e4 e5 2. Nf3 Nc6 3. c3 d5 4. Qa4 Bd7 5. exd5 Nd4 6. Qd1 Nxf3+ 7. Qxf3 Nf6 8.
Bc4 e4 9. Qe2 Bd6 10. d4 O-O 11. Bg5 h6 12. Bxf6 Qxf6 13. O-O Rae8 14. Nd2 Qg5
15. Kh1 Bg4 16. f3 Qh5 17. g3 exf3 18. Qf2 f5 19. Nxf3 f4 20. Ne5 Bxe5 21. dxe5
fxg3 22. d6+ Kh7 23. Bd3+ g6 24. Qxg3 cxd6 25. Rf4 Bf3+ 26. Kg1 dxe5 27. Rh4
Qxh4 28. Qxh4 e4 29. Bc4 Re5 30. Kf1 e3 31. Be2 Bc6+ 32. Ke1 Rg5 33. Kd1 Rd8+
34. Kc2 Rd2+ 35. Kb3 Rxe2 36. a4 Reg2 37. Qf4 Bd5+ 38. c4 Rf2 39. Qd4 Bf7 40.
Re1 Rgf5 41. Rxe3 a5 42. h4 b5 43. axb5 Rxb5+ 44. Ka3 Rbf5 45. Re7 R5f4 46. Re4
R2f3+ 47. b3 Rf6 48. Re2 R3f4 49. Re4 Rf2 50. Qc3 Rf1 51. Qd4 g5 52. hxg5 hxg5
53. Re7 Rg6 54. Re2 Rh1 55. Rf2 Bg8 56. Re2 Rf1 57. Rh2+ Rh6 58. Qd3+ 1-0

[Event "Superettan(Kungstornet-Rockad,Sthlm II)"]
[Site "?"]
[Date "2018.11.09"]
[Round "1"]
[White "Tuomainen, Felix"]
[Black "Backlund, Anders"]
[Result "1/2-1/2"]
[WhiteElo "2182"]
[BlackElo "2300"]
[PlyCount "81"]
1. d4 Nf6 2. c4 g6 3. Nc3 d5 4. Qa4+ c6 5. cxd5 Nxd5 6. e4 Nxc3 7. bxc3 Bg7 8.
Nf3 O-O 9. Be2 Nd7 10. O-O e5 11. Rd1 exd4 12. cxd4 Re8 13. Qc2 Qe7 14. Bd3 Nf8
15. Bg5 Bf6 16. Bxf6 Qxf6 17. Rab1 Bg4 18. e5 Qe7 19. Be4 Rad8 20. h3 Bxf3 21.
Bxf3 Ne6 22. Qb2 c5 23. dxc5 Rxd1+ 24. Rxd1 Nxc5 25. Qa3 b6 26. Bc6 Rc8 27. Bf3
Rc7 28. Qe3 Rd7 29. Rd5 Qe6 30. Rxd7 Qxd7 31. Bg4 Qd5 32. a3 h5 33. Bf3 Qd3 34.
Qg5 Qd4 35. Qe7 Nd3 36. e6 Qa1+ 37. Kh2 Qe5+ 38. Kg1 Qe1+ 39. Kh2 Qe5+ 40. Kg1
Qe1+ 41. Kh2 1/2-1/2

[Event "Superettan(Upsala-Vaxjo)"]
[Site "?"]
[Date "2018.11.09"]
[Round "1"]
[White "Nilsson, Joakim"]
[Black "Sevastianov, Andrii"]
[Result "1-0"]
[WhiteElo "2162"]
[BlackElo "2116"]
[PlyCount "53"]
1. d4 d5 2. c4 e6 3. Nf3 Nf6 4. g3 dxc4 5. Bg2 a6 6. O-O Nc6 7. e3 Rb8 8. Nfd2
Be7 9. Nxc4 O-O 10. Nc3 Qd7 11. Qe2 Nd5 12. Rd1 Rd8 13. e4 Nxc3 14. bxc3 e5 15.
Bb2 exd4 16. cxd4 Qg4 17. Bf3 Qg5 18. d5 b5 19. Bc1 Qf6 20. e5 Qg6 21. Be4 Qg4
22. f3 Qh5 23. Be3 bxc4 24. dxc6 Rxd1+ 25. Rxd1 Qxe5 26. Ba7 Rb2 27. Bxh7+ 1-0

[Event "Superettan(Manhem-SödraSASS)"]
[Site "?"]
[Date "2018.11.09"]
[Round "1"]
[White "Fendrich, David"]
[Black "Fors, Tomas"]
[Result "0-1"]
[WhiteElo "2233"]
[BlackElo "2138"]
[PlyCount "84"]
1. c4 Nf6 2. g3 e6 3. Bg2 c5 4. Nf3 Nc6 5. O-O d5 6. b3 Be7 7. e3 Ne4 8. Bb2
Bf6 9. d4 O-O 10. Nbd2 Nxd2 11. Qxd2 cxd4 12. exd4 dxc4 13. bxc4 Qa5 14. Bc3
Qa6 15. Qe2 Rd8 16. Rfd1 Bd7 17. Rab1 Rab8 18. Rb3 Na5 19. Bxa5 Qxa5 20. Ne5
Ba4 21. Nxf7 Kxf7 22. Re1 Bxb3 23. Qxe6+ Kf8 24. axb3 Qb6 25. Qf5 g6 26. Qf4
Kg7 27. Bd5 Qd6 28. Qe4 Re8 29. Qxe8 Rxe8 30. Rxe8 Bxd4 31. Bxb7 Qd7 32. Re4
Bxf2+ 33. Kxf2 Qxb7 34. Re3 Kf6 35. h4 Qb6 36. Kf3 h5 37. Ke2 Kf5 38. Kf2 Qd4
39. Kf3 Qd1+ 40. Kf2 Qc2+ 41. Ke1 Kg4 42. Kf1 Qd2 0-1

[Event "Superettan(Kungstornet-Rockad,Sthlm II)"]
[Site "?"]
[Date "2018.11.09"]
[Round "1"]
[White "Glimbrant, Torbjorn"]
[Black "Sorensen, Hampus"]
[Result "1/2-1/2"]
[WhiteElo "2261"]
[BlackElo "2192"]
[PlyCount "179"]
1. Nf3 d5 2. e3 Nf6 3. d4 e6 4. c4 c6 5. Nc3 a6 6. b3 Bb4 7. Bd2 Nbd7 8. Bd3
O-O 9. O-O Bd6 10. e4 dxc4 11. bxc4 e5 12. d5 h6 13. Bc2 Nc5 14. h3 Bd7 15. Re1
Qe7 16. dxc6 bxc6 17. Na4 Nxa4 18. Bxa4 Nh7 19. Rb1 Rab8 20. Qc2 Bc5 21. Rxb8
Rxb8 22. Rb1 Qe8 23. Rb3 f6 24. Qb1 Rxb3 25. axb3 Qg6 26. Kf1 Ng5 27. Nxg5 fxg5
28. Qd3 Bd4 29. c5 Qf6 30. Be3 a5 31. Ke2 h5 32. Kd2 g4 33. hxg4 hxg4 34. Kc2
Be8 35. Kb1 Bg6 36. Ka2 Kh7 37. Ka3 Kh8 38. b4 axb4+ 39. Kxb4 Qd8 40. Bxd4 exd4
41. Bxc6 Qf6 42. Bd5 Qxf2 43. c6 Be8 44. Kc5 Qxg2 45. c7 Bd7 46. e5 Qb2 47. e6
Bc8 48. e7 Qc1+ 49. Kxd4 Qf4+ 50. Qe4 Qf2+ 51. Kc3 Qc5+ 52. Kb3 Qb5+ 53. Ka3
Qa5+ 54. Kb3 Qb6+ 55. Ka2 Qa5+ 56. Kb2 Qb6+ 57. Bb3 Qf2+ 58. Bc2 Qf6+ 59. Kc1
Qf1+ 60. Kd2 Qf2+ 61. Qe2 Qd4+ 62. Qd3 Qf2+ 63. Kc1 Qe1+ 64. Kb2 Qe5+ 65. Kb1
Qe1+ 66. Bd1 Qb4+ 67. Bb3 Qe1+ 68. Kb2 Qe5+ 69. Ka3 Qa5+ 70. Ba4 Qc5+ 71. Kb2
Qe5+ 72. Kb1 Qe1+ 73. Bd1 Qb4+ 74. Kc2 Qc5+ 75. Kd2 Qb4+ 76. Kc2 Qc5+ 77. Kb1
Qb4+ 78. Bb3 Qe1+ 79. Kb2 Qe5+ 80. Kc2 Qxc7+ 81. Qc4 Qxc4+ 82. Bxc4 Bd7 83. Be6
Be8 84. Bxg4 g6 85. Kd2 Kg7 86. Ke3 Kf6 87. Kf4 Kxe7 88. Kg5 Bd7 89. Bxd7 Kxd7
90. Kxg6 1/2-1/2

[Event "Superettan(Upsala-Vaxjo)"]
[Site "?"]
[Date "2018.11.09"]
[Round "1"]
[White "Gonzalez, Emilio"]
[Black "Sittenfeld, Johan"]
[Result "0-1"]
[WhiteElo "1960"]
[BlackElo "2149"]
[PlyCount "118"]
1. c4 Nf6 2. Nf3 e6 3. Nc3 d5 4. e3 Be7 5. b3 b6 6. Bb2 O-O 7. Be2 Bb7 8. O-O
c5 9. d3 Nc6 10. Qb1 a6 11. Re1 Qc7 12. cxd5 exd5 13. d4 Rad8 14. a4 Rfe8 15.
h3 cxd4 16. exd4 Bb4 17. Qf5 Ne7 18. Qd3 Ng6 19. g3 Ne4 20. Rac1 Bxc3 21. Rxc3
Nxc3 22. Bxc3 Rc8 23. Rc1 Qe7 24. Ne5 Qg5 25. Qe3 Qxe3 26. fxe3 Nxe5 27. dxe5
Rxe5 28. Bd2 Rxc1+ 29. Bxc1 d4 30. Kf2 Rf5+ 31. Ke1 b5 32. exd4 Bd5 33. g4 Rf6
34. axb5 axb5 35. b4 Rb6 36. Bf4 f6 37. h4 Kf7 38. g5 Be4 39. Kd2 Ke6 40. Ke3
f5 41. h5 Rb7 42. Be5 g6 43. Kf4 Bc6 44. h6 Ra7 45. Bd3 Kf7 46. Bd6 Ra3 47. Be2
Ke6 48. Bc5 Bd5 49. Bf8 Rh3 50. Bc5 Be4 51. Bd1 Rh2 52. Bb3+ Bd5 53. Bd1 Rd2
54. Bh5 Rf2+ 55. Kg3 Rg2+ 56. Kh3 gxh5 57. g6 Rxg6 58. Bf8 f4 59. Bg7 f3 0-1

[Event "Superettan(Manhem-SödraSASS)"]
[Site "?"]
[Date "2018.11.09"]
[Round "1"]
[White "Bergmanolson, Michael"]
[Black "Bengtsson, Jonas"]
[Result "1/2-1/2"]
[WhiteElo "2105"]
[BlackElo "2107"]
[PlyCount "78"]
1. e4 c5 2. Nf3 e6 3. d4 cxd4 4. Nxd4 Nf6 5. Nc3 d6 6. g4 h6 7. Rg1 Nc6 8. h4
d5 9. exd5 Nxd5 10. Nxd5 exd5 11. g5 hxg5 12. hxg5 Rh4 13. Be3 Qa5+ 14. c3 Nxd4
15. Bxd4 Bf5 16. Qf3 Rxd4 17. Qxf5 Re4+ 18. Kd1 g6 19. Qf6 Rc8 20. Bg2 Rc6 21.
Qh8 Ree6 22. Bh3 Re7 23. Re1 Qa4+ 24. b3 Rxe1+ 25. Kxe1 Qe4+ 26. Kd2 Qf4+ 27.
Ke2 Rc7 28. Re1 Re7+ 29. Kf1 Rxe1+ 30. Kxe1 Qc1+ 31. Ke2 Qxg5 32. Bc8 b6 33.
Ba6 Ke7 34. Qd4 Bh6 35. Bb7 Qh5+ 36. Kf1 Qh1+ 37. Ke2 Qh5+ 38. Kf1 Qh1+ 39. Ke2
Qh5+ 1/2-1/2

[Event "Superettan(Kungstornet-Rockad,Sthlm II)"]
[Site "?"]
[Date "2018.11.09"]
[Round "1"]
[White "Eriksson, Dan"]
[Black "Henriksson, Johan"]
[Result "1-0"]
[WhiteElo "2167"]
[BlackElo "2259"]
[PlyCount "71"]
1. e4 c6 2. d4 d5 3. Nc3 dxe4 4. Nxe4 Nf6 5. Nxf6+ gxf6 6. Be3 Bf5 7. Ne2 Nd7
8. Ng3 e6 9. Nxf5 Qa5+ 10. Qd2 Qxf5 11. O-O-O O-O-O 12. Bd3 Qd5 13. c4 Qxg2 14.
Qa5 a6 15. Qh5 c5 16. Qxf7 cxd4 17. Bxd4 Qc6 18. Rhe1 e5 19. Be3 Bb4 20. Rg1
Rdf8 21. Qd5 Qxd5 22. cxd5 Rf7 23. Bf5 Bd6 24. h4 Kd8 25. h5 Bc5 26. h6 Bxe3+
27. fxe3 Re8 28. Rg7 Ref8 29. Rdg1 Nb6 30. d6 Ke8 31. Be6 Nd7 32. Bxf7+ Rxf7
33. Rxf7 Kxf7 34. Rg7+ Ke6 35. Rxh7 Kxd6 36. Rxd7+ 1-0

[Event "Superettan(Manhem-SödraSASS)"]
[Site "?"]
[Date "2018.11.09"]
[Round "1"]
[White "Al Waeli, Laith"]
[Black "Alquist, Erik"]
[Result "0-1"]
[WhiteElo "2071"]
[BlackElo "2065"]
[PlyCount "76"]
1. d4 Nf6 2. c4 g6 3. g3 Bg7 4. Bg2 O-O 5. Nf3 d6 6. Nc3 Nc6 7. O-O a6 8. Qd3
e5 9. d5 Ne7 10. e4 Nd7 11. Be3 h6 12. Nd2 f5 13. f4 exf4 14. gxf4 fxe4 15.
Ndxe4 Nf5 16. Bf2 b6 17. b4 Nh4 18. Bd4 Bxd4+ 19. Qxd4 Nxg2 20. Kxg2 Qh4 21.
Rae1 Nf6 22. Nxf6+ Qxf6 23. Qxf6 Rxf6 24. Re7 Rf7 25. Re3 Bd7 26. Ne2 Raf8 27.
Ra3 Bc8 28. Kg3 Re8 29. Nd4 Re4 30. Rd3 Bf5 31. Rd2 Re3+ 32. Rf3 Rfe7 33. Kf2
Re1 34. Ra3 Rc1 35. Nxf5 gxf5 36. Rd4 Rc2+ 37. Kg3 Ree2 38. Rxa6 Rc3+ 0-1

[Event "Superettan(Kungstornet-Rockad,Sthlm II)"]
[Site "?"]
[Date "2018.11.09"]
[Round "1"]
[White "Couso, Luis"]
[Black "Crevatin, Leo"]
[Result "1-0"]
[WhiteElo "2262"]
[BlackElo "2160"]
[PlyCount "135"]
1. c4 e6 2. g3 d5 3. Bg2 dxc4 4. Nf3 Nd7 5. O-O Ngf6 6. Na3 Bxa3 7. bxa3 O-O 8.
Qc2 a6 9. Bb2 Rb8 10. Qxc4 b5 11. Qc3 Bb7 12. d3 Nb6 13. Qa5 c5 14. Be5 Rc8 15.
Bxf6 gxf6 16. Nh4 Bxg2 17. Nxg2 Na4 18. Qd2 f5 19. Qh6 Qd4 20. Nf4 Qg7 21. Qh4
Rc7 22. Nh5 Qg6 23. Rac1 f6 24. Nf4 Qf7 25. Rc2 Kh8 26. Re1 e5 27. Ng2 Qg6 28.
Qh3 Qg4 29. Qh6 Rg7 30. Ne3 Qg5 31. Qh3 f4 32. Nf5 Qg4 33. Qxg4 Rxg4 34. Rec1
Rg5 35. Nd6 fxg3 36. hxg3 f5 37. Kg2 Rg7 38. e4 Rd7 39. Nxf5 Rxd3 40. Rh1 Rf6
41. Rh5 c4 42. Ne3 Re6 43. Ng4 Rxa3 44. Nxe5 c3 45. f4 Kg7 46. Rg5+ Kf8 47.
Nd7+ Ke8 48. Rd5 b4 49. e5 b3 50. axb3 Rxb3 51. Kf3 Rb2 52. Rc1 Rd2 53. Ra5
Rxd7 54. Rxa4 Rd3+ 55. Ke4 Rxg3 56. Rc4 Rb6 57. R1xc3 Rxc3 58. Rxc3 Kd7 59. Rg3
Rg6 60. Rb3 Kc6 61. Rh3 Rg7 62. Rh6+ Kb5 63. f5 a5 64. f6 Rg1 65. f7 Re1+ 66.
Kf5 Rf1+ 67. Ke6 a4 68. Rf6 1-0

[Event "Superettan(Burgsvik-Vasteras II)"]
[Site "?"]
[Date "2018.11.09"]
[Round "1"]
[White "Jonsson, Mikael"]
[Black "Andersson, Tommy"]
[Result "1-0"]
[WhiteElo "2244"]
[BlackElo "2406"]
[PlyCount "53"]
1. d4 d5 2. c4 e6 3. Nc3 c6 4. Nf3 Nf6 5. e3 Nbd7 6. b3 Bd6 7. Be2 O-O 8. O-O
Qe7 9. Bb2 b6 10. Qc2 Bb7 11. Rfd1 Rac8 12. Rac1 c5 13. cxd5 Nxd5 14. Nxd5 exd5
15. Qf5 g6 16. Qh3 Rcd8 17. Qh6 f6 18. h4 cxd4 19. h5 dxe3 20. hxg6 exf2+ 21.
Kf1 Nc5 22. Ng5 fxg5 23. gxh7+ Qxh7 24. Qxg5+ Kf7 25. Bh5+ Ke6 26. Bg4+ Rf5 27.
Qf6+ 1-0

[Event "Superettan(Kristallen-Alingsås)"]
[Site "?"]
[Date "2018.11.09"]
[Round "1"]
[White "Agrest, Evgenij"]
[Black "Lindh, Fredrik"]
[Result "1-0"]
[WhiteElo "2580"]
[BlackElo "2255"]
[PlyCount "101"]
[SourceDate "2018.11.15"]
1. c4 Nf6 2. Nc3 d5 3. cxd5 Nxd5 4. g3 g6 5. Bg2 Nb6 6. d3 Bg7 7. Be3 Nc6 8.
Nf3 O-O 9. Qc1 e5 10. Bh6 Nd4 11. Bxg7 Nxf3+ 12. Bxf3 Kxg7 13. h4 h5 14. Qe3
Re8 15. O-O c6 16. Rfd1 Qd4 17. Ne4 Qxe3 18. fxe3 Nd5 19. Kf2 Bg4 20. Rac1 Bxf3
21. exf3 Rad8 22. a3 Re7 23. Ke2 Nc7 24. g4 hxg4 25. fxg4 Nd5 26. g5 f5 27.
gxf6+ Nxf6 28. Ng5 Rh8 29. Rh1 Nh7 30. Rcg1 Nxg5 31. Rxg5 Re6 32. h5 Rh6 33.
Kf3 Kf6 34. Rxg6+ Rxg6 35. hxg6 Kxg6 36. Ke4 Re7 37. Rf1 Rd7 38. b4 Rd5 39. a4
Rd7 40. Rf8 Rd5 41. Rb8 Rd7 42. Rf8 Rd6 43. Rb8 Rd7 44. Kxe5 Rxd3 45. Rxb7 a5
46. bxa5 Rd5+ 47. Ke6 Rxa5 48. Rb4 Kg7 49. Kd6 c5 50. Rh4 Kg6 51. Kc6 1-0

[Event "Superettan(Burgsvik-Vasteras II)"]
[Site "?"]
[Date "2018.11.09"]
[Round "1"]
[White "Krupenski, Juri"]
[Black "Landgren, Andreas"]
[Result "1-0"]
[WhiteElo "2402"]
[BlackElo "2276"]
[PlyCount "79"]
1. e4 c5 2. Nf3 d6 3. c3 Nf6 4. Be2 e6 5. e5 dxe5 6. Nxe5 Nbd7 7. Nc4 b5 8. Ne3
Rb8 9. a4 b4 10. O-O Be7 11. d3 O-O 12. Nd2 Bb7 13. Qc2 Nd5 14. Nxd5 exd5 15.
cxb4 cxb4 16. d4 Qb6 17. Nb3 Ba6 18. Bxa6 Qxa6 19. Bf4 Bd6 20. Bxd6 Qxd6 21.
Rac1 Nb6 22. Nc5 b3 23. Qf5 Rfd8 24. Rfe1 Nc4 25. Re2 Qg6 26. Qf4 Re8 27. Rce1
f5 28. Qf3 Re4 29. Nxe4 fxe4 30. Qc3 Qc6 31. f3 exf3 32. Qxf3 Rd8 33. Re6 Qxa4
34. Re7 Rf8 35. Qg3 Rf7 36. Qb8+ Rf8 37. Qc7 Kh8 38. Rxg7 Qb4 39. Rxh7+ Kg8 40.
Qg7# 1-0

[Event "Superettan(Kristallen-Alingsås)"]
[Site "?"]
[Date "2018.11.09"]
[Round "1"]
[White "Andersson, Goran L"]
[Black "Andreasson, Ingvar"]
[Result "1-0"]
[WhiteElo "2252"]
[BlackElo "2341"]
[PlyCount "49"]
1. d4 Nf6 2. Nf3 e6 3. Bf4 c5 4. e3 Qb6 5. Nc3 d5 6. Nb5 Na6 7. Ne5 Be7 8. Be2
O-O 9. O-O c4 10. a4 Ne8 11. b3 f6 12. Nf3 cxb3 13. c4 Nb4 14. Qxb3 Qd8 15.
Rac1 a6 16. Nc3 Kh8 17. Rfd1 g5 18. Bg3 f5 19. Be5+ Ng7 20. cxd5 exd5 21. Nxg5
Bxg5 22. Qxb4 f4 23. Nxd5 fxe3 24. fxe3 Bg4 25. Qxb7 1-0